000
00328nam a22001457a 4500
020
_a
814-85015-81-3
082
_a
510
_b
HAD/L
100
_a
HADLEY G
245
_a
LINEAR ALGEBRA
250
_a
TENTH EDITION
260
_a
DELHI
_b
NAROSA PUBLISHING HOUSE
_c
2002
300
_a
290
650
_a
MATHS REFERENCE
_z
INDIA
942
_c
BK
999
_c
1210
_d
1210